1288 1960 1288 1727 1507 1826 1245 1772 1869 1313 1568 1030 1078 1266 1221 1226 1397 1785 1042 1174 1482 1455 1949 1794 1848 1639 1410 1342 1034 1480 1072 1765 1893 1154 1061 1485 1328 1270 1167 1092 1170 1430 1402 1069 1380 1692 1256 1923 1007 1083 1404 1612 1509 1008 1947 1692 1834 1698 1894 1673 1317 1727 1822 1722 1725 1898 1374 1862 1393 1560 1972 1457 1373 1041 1923 1541 1079 1814 1916 1730 1340 1770 1138 1599 1501 1871 1411 1279 1483 1051 1035 1646 1859 1015 1995 1415 1373 1049 1816 BCNSPRNW ULIB Ver.6.0+V

เปลี่ยนเป็นภาษาไทย

Change to English
 แสดงรายละเอียดบรรณานุกรม
  กลับหน้าหลัก

Brief Record : Get Marc (ISO 2709) : E-mail record : QR code < ปิดหน้าต่าง
LEADER : 00000nam 2200000uu 4500
001    13399114400
003     ULIB
008    110908s||||||||th 000 0 tha d
020    9789744964861
050 04 LB1027^bฆ219ส
100 0  ฆนัท ธาตุทอง
245 10 สอนคิด : การจัดการเรียนรู้เพื่อพัฒนาการคิด /^cฆนัท ธาตุทอง
250    พิมพ์ครั้งที่ 2
260    กรุงเทพฯ :^bเพชรเกษมการพิมพ์,^c2554
300    397 หน้า
650  7 สอนคิด
650  7 การคิด
945    ^p295^l0^i031491
995    ทศพร
999 ^a ทศพร
รายการนี้ยังไม่มีแท็ก
คุณยังไม่ได้ล็อกอิน คุณสามารถมีกิจกรรมร่วมกับเว็บไซต์ได้ แต่ต้องล็อกอินก่อน ::
  ล็อกอิน

รายการสื่อสารสนเทศ

ลำดับที่ ประเภท เลขเรียก/บาร์โค้ด สถานที่ สถานะ
- ไม่พบข้อมูล -

รายการใกล้เคียง
    ผู้แต่ง [ฆนัท ธาตุทอง]

    หัวเรื่อง [การคิด]

BibComment


ยังไม่เคยถูกคอมเมนท์

คอมเมนท์ทรัพยากรรายการนี้
  คอมเมนท์: สอนคิด การจัดการ..


 Copyright 2026. Bcnsprnw @Library